000 00834nam a2200253 i 4500
003 EG-ScBUE
005 20250714094625.0
008 090405s2007 ii a f b 000 0 eng d
020 _a812241978X
020 _a9788122419788
040 _aEG-ScBUE
_beng
_erda
_cEG-ScBUE
_dEG-ScBUE
082 0 4 _222
_a541.36
_bPRA
245 1 0 _aChemical and metallurgical thermodynmaics /
_cKrishna Kant Prasad, Hem Shanker Ray, K. P.Abraham
264 1 _aNew Delhi :
_bNew Age International,
_c2007.
300 _a96 pages :
_billustrations ;
_c25 cm
336 _2rdacontent
_atext
_btxt
337 _aunmediated
_2rdamedia
_bn
338 _avolume
_bnc
_2rdacarrier
504 _aIncludes bibliographical references.
650 7 _2BUEsh
_aThermochemistry.
655 _vReading book
700 1 _93128
_aAbraham, K. P.,
_eauthor.
942 _2ddc
_cBB
999 _c11182
_d11182